000
00282 a2200121 4500
001
146526
040
_c
Escola São Tomás de Aquino
100
_a
ANDRÉ, Pierre
240
1
0
_a
Ler é brincar
_l
por
245
1
0
_a
Ler é brincar
697
_a
*LITERATURA INFANTO JUVENIL
942
_c
BK
999
_c
146526
_d
146526